| 000 | 00562nam a2200229Ia 4500 | ||
|---|---|---|---|
| 005 | 20250425162357.0 | ||
| 008 | 250425s9999 xx 000 0 und d | ||
| 020 | _a0256204772 | ||
| 041 | _aeng | ||
| 082 | _a658.11 | ||
| 100 | _aSTEVENSON, HOWARD H. | ||
| 245 | 0 | _aNEW BUSINESS VENTURES AND THE ENTREPRENEUR | |
| 250 | _a5TH ED. | ||
| 260 |
_aEstados Unidos _bIRWIN MCGRAW-HILL _c1999 |
||
| 260 | _aS.L. | ||
| 300 | _a678 | ||
| 650 | _aEMPRESAS FAMILIARES | ||
| 650 | _aNEGOCIOS | ||
| 710 | _aIRWIN MCGRAW-HILL | ||
| 942 | _c01 | ||
| 010 | _a67264 | ||
| 999 |
_c227989 _d227989 |
||